James Hay Pension Trustees Ltd v. First Secretary of State and others (Record no. 78246)
[ view plain ]
| 000 -LEADER | |
|---|---|
| fixed length control field | 01777cab a2200205 4500 |
| 001 - CONTROL NUMBER | |
| control field | L136323 |
| 008 - FIXED-LENGTH DATA ELEMENTS--GENERAL INFORMATION | |
| fixed length control field | 070125n2006 000 0 eng u |
| 035 ## - SYSTEM CONTROL NUMBER | |
| System control number | (Sirsi) u136323 |
| 041 0# - LANGUAGE CODE | |
| Language code of text/sound track or separate title | eng |
| 245 00 - TITLE STATEMENT | |
| Title | James Hay Pension Trustees Ltd v. First Secretary of State and others |
| Medium | [electronic resource] |
| 260 ## - PUBLICATION, DISTRIBUTION, ETC. | |
| Date of publication, distribution, etc. | 2006 |
| 520 ## - SUMMARY, ETC. | |
| Summary, etc. | [2006] EWCA Civ 1387, 26 October 2006. The appellant secretary of state appealed against a decision that a planning document issued by a local authority was a certificate of lawful use of proposed development under the Town and Country Planning Act 1990 s192. Decades earlier, planning permission had been granted to the site for change of use to a garage and store subject to conditions that included a restriction on the building being used for any purpose within the Town and Country Planning (Use Classes) Order 1963 Class X other than with consent. The local authority issued a document stating that the original planning permission granted decades before was not personal to the previous occupier. "Held": it was decided that the document was not in the form prescribed by Sch.4 of the 1995 Order and the document did not on its face purport to certify what use was lawful and there was a failure to comply with Art.24 of the 1995 Order so the appeal was allowed. |
| 650 24 - SUBJECT ADDED ENTRY--TOPICAL TERM | |
| Topical term or geographic name entry element | JAMES HAY PENSION TRUSTEES LTD V FIRST SOS AND OTHERS |
| 650 24 - SUBJECT ADDED ENTRY--TOPICAL TERM | |
| Topical term or geographic name entry element | TOWN AND COUNTRY PLANNING ACT 1990 S192 |
| 650 24 - SUBJECT ADDED ENTRY--TOPICAL TERM | |
| Topical term or geographic name entry element | TOWN AND COUNTRY PLANNING (GENERAL DEVELOPMENT PROCEDURE) ORDER 1995 |
| 651 #4 - SUBJECT ADDED ENTRY--GEOGRAPHIC NAME | |
| Geographic name | England |
| Chronological subdivision | 886- |
| 690 ## - LOCAL SUBJECT ADDED ENTRY--TOPICAL TERM (OCLC, RLIN) | |
| Topical term or geographic name as entry element | ENVIRONMENTAL AND LAND CONSULTANCY-PLANNING AND DEVELOPMENT-USE REQUIREMENTS |
| 856 40 - ELECTRONIC LOCATION AND ACCESS | |
| Uniform Resource Identifier | <a href="https://www.bailii.org/ew/cases/EWCA/Civ/2006/1387.html">https://www.bailii.org/ew/cases/EWCA/Civ/2006/1387.html</a> |
| Public note | View the decision free of charge at www.bailii.org... |
| 942 ## - ADDED ENTRY ELEMENTS (KOHA) | |
| Suppress in OPAC | 0 |
| Withdrawn status | Lost status | Source of classification or shelving scheme | Damaged status | Not for loan | Home library | Current library | Shelving location | Date acquired | Total Checkouts | Full call number | Barcode | Date last seen | Copy number | Price effective from | Koha item type |
|---|---|---|---|---|---|---|---|---|---|---|---|---|---|---|---|
| Dewey Decimal Classification | Virtual | Virtual | Online | 25/01/2007 | ONLINE PUBLICATION | 136323-2001 | 06/08/2019 | 1 | 06/08/2019 | Law report |